000 00375nam a2200157Ia 4500
008 230711s9999||||xx |||||||||||||| ||und||
041 _aENG
082 _a4
_bST-H
100 _aStallings,William
245 0 _aHigh speed networks and internets
250 _a2nd Ed.
260 _c2007
_aNew Delhi
_bPearson
300 _a715
650 _aComputer Engineering
942 _cBK
999 _c4168
_d4168